Parole - Måneskin #2 - Statistics

Statistiche generali
  • Questo quiz è stato fatto 137 volte
  • Il punteggio medio è 335 su 460
Statistiche sulle risposte
Parole % Corretto
a
97%
E
97%
è
97%
È
97%
e
97%
Coraline
92%
la
92%
La
92%
le
92%
Le
92%
il
90%
Il
90%
Ma
90%
ma
90%
di
89%
no
87%
dal
85%
del
85%
lei
84%
Se
84%
si
84%
84%
verità
84%
dentro
82%
Non
82%
non
82%
po'
82%
tue
80%
come
79%
Come
79%
lo
79%
per
79%
cos'
77%
da
77%
dell'
77%
Dimmi
77%
dimmi
77%
ha
77%
Ha
77%
in
77%
mare
77%
O
77%
piange
77%
sa
77%
un
77%
un'
77%
Un
77%
che
75%
Che
75%
me
75%
paura
74%
prende
74%
una
74%
acqua
72%
al
72%
cuore
72%
l'ansia
72%
mangiare
72%
vuole
72%
cose
70%
poi
70%
porta
70%
Con
69%
forse
69%
rose
69%
rosse
69%
sue
69%
Capelli
67%
ho
67%
ci
66%
detto
66%
partire
66%
Prendere
66%
tua
66%
vorrebbe
66%
bella
64%
sole
64%
sparire
64%
altri
62%
crescere
62%
niente
62%
parola
62%
può
62%
tutti
62%
amore
61%
degli
61%
dolore
61%
fili
61%
fiume
61%
freddo
61%
ogni
61%
Ogni
61%
rame
61%
senti
61%
sulla
61%
zelante
59%
campane
57%
metà
57%
andare
56%
cantare
56%
mine
56%
Però
56%
però
56%
Sarò
56%
sarò
56%
schiena
56%
sente
56%
zattera
56%
ascia
54%
avanti
54%
due
54%
ed
54%
fuoco
54%
gabbia
54%
lacrima
54%
mio
54%
piena
54%
Solo
54%
strada
54%
taglio
54%
tiene
54%
d'inverno
52%
diviso
52%
già
52%
giorno
52%
naviga
52%
portali
52%
suo
52%
volta
52%
bambina
51%
cambio
51%
chiedo
51%
d'argento
51%
dirà
51%
gente
51%
hai
51%
Riparo
51%
riuscirà
51%
sopra
51%
spada
51%
tempo
51%
Vedrai
51%
viso
51%
bene
49%
Guerriera
49%
misera
49%
quei
49%
ricopre
49%
scudo
49%
uscire
49%
vale
49%
mostro
48%
peso
48%
piccola
48%
Preziosi
48%
riesce
48%
Soltanto
48%
sorriso
48%
spezzerà
48%
più
46%
sera
46%
significato
46%
anche
44%
bere
44%
Capirò
44%
ciò
44%
luce
44%
oceano
44%
padre
44%
respiri
44%
soldato
44%
l'acqua
43%
prima
43%
neanche
41%
c'è
39%
ventre
39%
frutto
38%
l'amore
38%
conosciuto
36%
perso
36%
potenti
36%
potrà
36%
castello
34%
colpirti
34%
mura
34%
città
33%
vessillo
33%
talmente
31%
vai
30%
han'
28%
vivere
26%
Nessun quiz corrispondente trovato
Distribuzione punteggi
Percentuale di utenti per punteggio
Percentile per numero di risposta
I tuoi punteggi nel tempo
Non hai fatto questo quiz